Best NBA Players Since 2000 - Statistics

General Stats
  • This quiz has been taken 1,658 times
  • The average score is 12 of 20
Answer Stats
Hint Answer % Correct
SF LeBron James
97%
SG Kobe Bryant
93%
C Tim Duncan
84%
SG Dwyane Wade
77%
PG Steve Nash
76%
C Shaquille O'Neal
75%
SF Kevin Durant
73%
PF Kevin Garnett
73%
PF Jermaine O'Neal
71%
PG Jason Kidd
69%
C Dwight Howard
61%
SF Paul Pierce
58%
SF Carmelo Anthony
57%
PG Tony Parker
57%
SG Tracy McGrady
48%
SG Vince Carter
44%
PF Dirk Nowitzki
39%
PG Chauncey Billups
33%
PF Amare Stoudimire
3%
C Marcus Camby
3%
No matching quizzes found
Score Distribution
Percent of People with Each Score
Percentile by Number Answered
Your Score History
You have not taken this quiz